Σύγχρονα ρεύματα της γενικής ψυχολογίας και νέες μορφές της σχολικής μεθοδολογίας
Saved in:
| Main Author: | |
|---|---|
| Format: | Book |
| Language: | Greek |
| Published: |
Θεσσαλονίκη :
Αφοί Κυριακίδη ,
1978
|
| Subjects: | |
| Tags: |
Add Tag
No Tags, Be the first to tag this record!
|
MARC
| LEADER | 00000nam a2200000 i 4500 | ||
|---|---|---|---|
| 001 | 1/20826 | ||
| 008 | 961001s1978 gre d | ||
| 035 | |a 1987 |b 1 |c Τσιάκαλος |l 10036133 | ||
| 040 | |a GR-MY-UA |b gre |e aacr | ||
| 041 | 0 | |a gre | |
| 082 | 0 | |a 370.15 | |
| 100 | 1 | |a Παπαναστασίου, Λουκάς Α. | |
| 245 | 1 | 0 | |a Σύγχρονα ρεύματα της γενικής ψυχολογίας και νέες μορφές της σχολικής μεθοδολογίας / |c Λουκά Α.Παπαναστασίου |
| 260 | |a Θεσσαλονίκη : |b Αφοί Κυριακίδη , |c 1978 | ||
| 300 | |a 223 σ. | ||
| 650 | 0 | 0 | |a Educational psychology. |
| 650 | 0 | 0 | |a Behaviorism (Psychology) |
| 650 | 0 | 0 | |a Psychoanalysis. |
| 650 | 0 | 0 | |a Personality. |
| 852 | |a INST |b RHODES |e 19961001 |h 370.15 ΠΑΠ |p 005400009019 |q 005400009019 |t BK |y 0 | ||
| 909 | |a Ρ |b 006642 |c 1987 | ||
| 970 | |z 2000/06/ΚΑΤΕΡΙΝΑ | ||